000
00220 a2200097 4500
001
14748
100
_a
Kirk G.E
245
_a
A short history of the middle east
260
_a
_b
Fontana/Collins
_c
090
_c
11528
_d
11528
942
_a
NUST-CAE
_c
M
_c
1701
999
_c
249821
_d
249821